| 000 | 01147nam0a2200313 4500 | ||
|---|---|---|---|
| 001 | RU\NLR\BIBL_A\012705439 | ||
| 005 | 20260405060517.0 | ||
| 010 |
_a5-94320-041-X _91000 |
||
| 035 | _a(NLR Aleph) 012705439 | ||
| 090 |
_a12892599 _c12892599 |
||
| 100 | _a20220211d2006 |||y0rusy50 ca | ||
| 101 | 0 | _arus | |
| 102 | _aRU | ||
| 105 | _aa z 000zy | ||
| 181 | 0 |
_ai3 _baxxe |
|
| 182 | 0 | _an | |
| 200 | 1 |
_aЧастушки-похабелки _eиз собрания Льва Куклина _f[иллюстрации Олега Зверлина] |
|
| 203 |
_aТекст _bвизуальный _cнепосредственный |
||
| 205 | _a[Изд. 2-е, испр. и доп.] | ||
| 210 |
_aСанкт-Петербург _cАнима _d2006 |
||
| 215 |
_a319 с. _cил. _d10 |
||
| 606 | 1 |
_aЧастушки _91370836 _3RU\NLR\AUTH\66574366 |
|
| 686 | 1 | _aШ3(2=1Р)-632.0 | |
| 702 | 1 |
_4206 _7ca _8rus _aКуклин _bЛ. В. _f1931-2004 _gЛев Валерианович _92874 _3RU\NLR\AUTH\7719803 |
|
| 702 | 1 |
_aЗверлин _bО. _gОлег _4440 |
|
| 942 | _cBOOK | ||
| 980 | _aNB | ||